[Event "SV Erkenschwick 1 - SV Wattenscheid 2"]
[Site "Oberliga NRW 2013/2014"]
[Date "2013.09.15"]
[Round "1.1"]
[White "Mladenov, Svetlin"]
[Black "Bitalzadeh, Ali"]
[Result "0-1"]
[WhiteElo "2453"]
[BlackElo "2428"]
[PlyCount "50"]
[EventDate "2013.??.??"]
[WhiteTeam "SV Wattenscheid 2"]
[BlackTeam "SV Erkenschwick 1"]

1. e4 c5 2. Nf3 d6 3. d4 cxd4 4. Nxd4 Nf6 5. Nc3 Nc6 6. Be2 g6 7. O-O Bg7 8.
Nb3 O-O 9. Re1 a6 10. Bg5 Re8 11. Qd2 Be6 12. Bf1 Rc8 13. Rad1 Ne5 14. Nd4 Bc4
15. b3 Bxf1 16. Kxf1 Qc7 17. Nd5 Nxd5 18. exd5 Qc3 19. Qc1 Rc5 20. Re3 Qa5 21.
c4 b5 22. f4 Nxc4 23. bxc4 Rxc4 24. Qb2 Qa4 25. Red3 Rxd4 0-1

[Event "SV Erkenschwick 1 - SV Wattenscheid 2"]
[Site "Oberliga NRW 2013/2014"]
[Date "2013.09.15"]
[Round "1.2"]
[White "Erwich, Marc"]
[Black "Schoorl, Rob"]
[Result "1-0"]
[WhiteElo "2364"]
[BlackElo "2322"]
[PlyCount "99"]
[EventDate "2013.??.??"]
[WhiteTeam "SV Erkenschwick 1"]
[BlackTeam "SV Wattenscheid 2"]

1. e4 e5 2. Nf3 Nc6 3. Bb5 a6 4. Ba4 Nf6 5. O-O b5 6. Bb3 Bb7 7. Re1 Bc5 8. c3
d6 9. d4 Bb6 10. Bg5 h6 11. Bh4 g5 12. Bg3 O-O 13. d5 Ne7 14. Nbd2 Ng6 15. Nf1
Nxe4 16. Rxe4 f5 17. Re2 f4 18. Qd3 Rf6 19. N1d2 Bc8 20. Ne4 Bf5 21. Nxf6+ Qxf6
22. Qd1 g4 23. Ne1 h5 24. Bc2 fxg3 25. hxg3 h4 26. Bxf5 hxg3 27. Kf1 gxf2 28.
Rxf2 Bxf2 29. Qxg4 Bxe1 30. Qxg6+ Qxg6 31. Bxg6 Bg3 32. Ke2 Rf8 33. Rf1 Rxf1
34. Kxf1 Bf4 35. Ke2 Bc1 36. b4 Kf8 37. Bf5 Ba3 38. Bc8 a5 39. bxa5 Bc5 40. Bd7
Ke7 41. Bxb5 e4 42. Kd1 Kf6 43. g4 Ke5 44. Bc4 Ba7 45. a6 Bb6 46. a4 Bc5 47. a5
Ba7 48. Kc2 Bc5 49. Kb3 Kf4 50. Ka4 1-0

[Event "SV Erkenschwick 1 - SV Wattenscheid 2"]
[Site "Oberliga NRW 2013/2014"]
[Date "2013.09.15"]
[Round "1.3"]
[White "Straeter, Timo"]
[Black "Jens, Jelmer"]
[Result "1/2-1/2"]
[WhiteElo "2320"]
[BlackElo "2376"]
[PlyCount "73"]
[EventDate "2013.??.??"]
[WhiteTeam "SV Wattenscheid 2"]
[BlackTeam "SV Erkenschwick 1"]

1. d4 Nf6 2. Nf3 g6 3. Bg5 Bg7 4. Nbd2 d6 5. c3 O-O 6. e4 Nc6 7. Bb5 Bd7 8. O-O
h6 9. Bh4 a6 10. Ba4 b5 11. Bb3 e5 12. dxe5 Nxe5 13. Nxe5 dxe5 14. Qf3 Qe7 15.
Rfe1 Be6 16. Nf1 a5 17. Bxe6 Qxe6 18. Ne3 c6 19. a4 Rfb8 20. axb5 Rxb5 21. Bxf6
Bxf6 22. Qe2 Bd8 23. Nc4 Rab8 24. Red1 Rc5 25. Ra4 Bc7 26. g3 Kg7 27. Kg2 Rd8
28. Rxd8 Bxd8 29. Qd3 Bc7 30. h4 h5 31. b3 Rb5 32. Qc2 Qg4 33. Ra1 Qe6 34. Ra4
Qg4 35. Ra3 Qd7 36. Ra1 Qe6 37. Ra4 1/2-1/2

[Event "SV Erkenschwick 1 - SV Wattenscheid 2"]
[Site "Oberliga NRW 2013/2014"]
[Date "2013.09.15"]
[Round "1.4"]
[White "Van Beek, Alexander"]
[Black "Hopman, Pieter"]
[Result "1-0"]
[WhiteElo "2342"]
[BlackElo "2309"]
[Annotator "Doe,John"]
[PlyCount "157"]
[EventDate "2013.??.??"]
[WhiteTeam "SV Erkenschwick 1"]
[BlackTeam "SV Wattenscheid 2"]

1. e4 d6 2. d4 Nf6 3. Nc3 e5 4. Nf3 Nbd7 5. g4 d5 6. dxe5 Nxe4 7. e6 fxe6 8.
Nxe4 dxe4 9. Ng5 Bb4+ 10. c3 Bd6 11. Nxe4 Be7 12. Be3 O-O 13. Be2 b6 14. Qd4 c5
15. Qd3 Ne5 16. Qxd8 Rxd8 17. O-O $11 Bb7 18. Ng5 Bd5 19. b3 h6 20. f4 Ng6 21.
Nxe6 Bxe6 22. f5 Bf7 23. fxg6 Bxg6 24. Bf3 Rac8 25. Rad1 Bf6 26. Bd5+ Kh7 27.
c4 Re8 28. Rfe1 Bc3 29. Bd2 Bd4+ 30. Kg2 Rf8 31. Rf1 Rxf1 32. Rxf1 Re8 33. Re1
Rxe1 34. Bxe1 Bb1 35. a3 Bb2 36. b4 Bxa3 37. b5 Bb2 38. Bg3 Bf6 39. Kf3 Ba2 40.
Be6 Kg6 41. Ke4 Bd8 42. Kd5 Kf6 43. Be5+ Ke7 44. Bf5 g5 45. Bd6+ Ke8 46. Bb8
Ke7 47. Bxa7 Bb3 48. Bb8 Bd1 49. Bd6+ Kf7 50. Kc6 Be2 51. Kd7 Bxc4 52. Kxd8
Bxb5 53. Kc7 Be2 54. Kxb6 c4 55. Be5 h5 56. gxh5 Bxh5 57. Kc5 Be2 58. Kd4 Ke7
59. Be4 Ke6 60. Bg3 Bf1 61. Bd5+ Kf5 62. Bxc4 Bg2 63. Bd5 Bf1 64. Ke3 Bb5 65.
Bc7 Ba4 66. Kf3 Bd1+ 67. Kg3 Be2 68. Bf3 Bc4 69. Bg4+ Kg6 70. Kf3 Bd5+ 71. Ke3
Bb3 72. Ke4 Ba4 73. Ke5 Bb3 74. Bf5+ Kh5 75. Bb6 Bd1 76. Bc5 Kh4 77. Bf2+ Kh5
78. Kf6 Be2 79. h3 1-0

[Event "SV Erkenschwick 1 - SV Wattenscheid 2"]
[Site "Oberliga NRW 2013/2014"]
[Date "2013.09.15"]
[Round "1.5"]
[White "Kerigan, Demre"]
[Black "Erwich, Frank"]
[Result "1/2-1/2"]
[WhiteElo "2221"]
[BlackElo "2315"]
[PlyCount "95"]
[EventDate "2013.??.??"]
[WhiteTeam "SV Wattenscheid 2"]
[BlackTeam "SV Erkenschwick 1"]

1. e4 e5 2. Nf3 Nc6 3. d4 exd4 4. Nxd4 Bb4+ 5. c3 Bc5 6. Be3 Bb6 7. Nf5 g6 8.
Bxb6 axb6 9. Ne3 Nf6 10. f3 O-O 11. c4 Nh5 12. Qd2 d6 13. Nc3 Be6 14. O-O-O Ng7
15. g4 b5 16. cxb5 Ne5 17. Be2 Bxa2 18. Nxa2 Rxa2 19. f4 Nd7 20. Bc4 Ra4 21.
Qc3 Nc5 22. e5 Ne4 23. Qb3 Ra1+ 24. Kc2 Rxd1 25. Rxd1 Qh4 26. Kb1 Qxh2 27. Qc2
Qxc2+ 28. Kxc2 dxe5 29. fxe5 h5 30. gxh5 gxh5 31. Rd7 Ne6 32. Nd5 Rd8 33. Rxd8+
Nxd8 34. Nxc7 h4 35. Bd5 Ng5 36. Ne8 Kf8 37. Nd6 b6 38. Nc8 Nde6 39. Nxb6 Nd4+
40. Kd3 Nxb5 41. Na8 Ne6 42. Kc4 Nbc7 43. Nxc7 Nxc7 44. Bc6 Ke7 45. b4 h3 46.
b5 Nxb5 47. Bxb5 f6 48. exf6+ 1/2-1/2

[Event "SV Erkenschwick 1 - SV Wattenscheid 2"]
[Site "Oberliga NRW 2013/2014"]
[Date "2013.09.15"]
[Round "1.6"]
[White "Homs, Guust"]
[Black "Thiel, Thomas"]
[Result "1/2-1/2"]
[WhiteElo "2174"]
[BlackElo "2290"]
[Annotator "Doe,John"]
[PlyCount "109"]
[EventDate "2013.??.??"]
[WhiteTeam "SV Erkenschwick 1"]
[BlackTeam "SV Wattenscheid 2"]

1. e4 c5 2. c3 d5 3. exd5 Qxd5 4. d4 Nc6 5. Nf3 Bg4 6. Nbd2 cxd4 7. Bc4 Bxf3 8.
gxf3 Qe5+ 9. Ne4 Nf6 10. cxd4 Nxd4 11. Be3 Nxe4 12. fxe4 Rd8 13. Bd5 Rxd5 14.
exd5 Qe4 15. Kd2 Qxd5 16. Bxd4 Qxd4+ 17. Kc1 Qf4+ 18. Qd2 Qc4+ 19. Qc2 Qxc2+
20. Kxc2 e6 21. Rac1 Bd6 22. Kd3 Ke7 23. h3 g5 24. Ke2 h5 25. Rc4 h4 26. Rd1 f5
27. Rcd4 Rd8 28. f3 Rd7 29. b4 Rd8 30. a4 Rd7 31. b5 b6 32. Rc4 Bc5 33. Rxd7+
Kxd7 34. a5 Kd6 35. a6 Kd5 36. Kd3 e5 37. Rc2 e4+ 38. fxe4+ fxe4+ 39. Ke2 Kd4
40. Rd2+ Kc4 41. Rd7 Kxb5 42. Rxa7 Ka5 43. Re7 Kxa6 44. Rxe4 Bd6 45. Kd3 Kb5
46. Rc4 Be5 47. Rc2 Bf4 48. Rc4 $11 Bg3 49. Kc3 Be5+ 50. Kd3 Bd6 51. Rc1 Bc5
52. Re1 Bd6 53. Rc1 Bf4 54. Rc4 Be5 55. Re4 1/2-1/2

[Event "SV Erkenschwick 1 - SV Wattenscheid 2"]
[Site "Oberliga NRW 2013/2014"]
[Date "2013.09.15"]
[Round "1.7"]
[White "Hirsch, Stefan"]
[Black "Krings, Christoph"]
[Result "1-0"]
[WhiteElo "2210"]
[BlackElo "2112"]
[PlyCount "65"]
[EventDate "2013.??.??"]
[WhiteTeam "SV Wattenscheid 2"]
[BlackTeam "SV Erkenschwick 1"]

1. e4 e6 2. d4 d5 3. e5 c5 4. c3 Nc6 5. Nf3 Qb6 6. a3 cxd4 7. cxd4 Bd7 8. b4
Nh6 9. Nc3 Nf5 10. Na4 Qd8 11. Nc5 Bxc5 12. dxc5 Nh4 13. Bb2 Nxf3+ 14. Qxf3 O-O
15. Qh5 b6 16. cxb6 Qxb6 17. Bd3 g6 18. Qh4 a5 19. b5 a4 20. O-O Na5 21. Bd4
Qd8 22. Qxd8 Rfxd8 23. Bb6 Rdc8 24. Bxa5 Rxa5 25. Rfc1 Ra7 26. b6 Rxc1+ 27.
Rxc1 Rb7 28. Rb1 Kf8 29. Ba6 Rb8 30. b7 Ke7 31. Rc1 Kd8 32. f4 h5 33. Kf2 1-0

[Event "SV Erkenschwick 1 - SV Wattenscheid 2"]
[Site "Oberliga NRW 2013/2014"]
[Date "2013.09.15"]
[Round "1.8"]
[White "Strozewski, Frank"]
[Black "De Ruiter, Danny"]
[Result "0-1"]
[WhiteElo "1928"]
[BlackElo "2252"]
[PlyCount "76"]
[EventDate "2013.??.??"]
[WhiteTeam "SV Erkenschwick 1"]
[BlackTeam "SV Wattenscheid 2"]

1. c4 Nf6 2. Nc3 d5 3. d4 g6 4. Bf4 Bg7 5. e3 O-O 6. Nf3 c5 7. dxc5 Qa5 8. Qb3
Na6 9. Be2 Ne4 10. O-O Nxc3 11. bxc3 Nxc5 12. Qb5 Qxb5 13. cxb5 Ne4 14. Be5
Bxe5 15. Nxe5 f6 16. Nf3 Nxc3 17. Bd3 Bd7 18. a4 Rfc8 19. Nd4 e5 20. Ne2 Bg4
21. f3 Bf5 22. Nxc3 Rxc3 23. Bxf5 gxf5 24. Rfd1 Rc5 25. Ra2 Kf7 26. Kf2 Ke6 27.
h3 Rac8 28. Rdd2 Rc4 29. Rdb2 f4 30. exf4 Rxf4 31. a5 Rfc4 32. a6 b6 33. Rd2
Rb4 34. Rac2 Rc5 35. Rxc5 bxc5 36. Kg3 Rxb5 37. Kh4 c4 38. Kh5 c3 0-1

[Event "SK Münster 1 - SG Porz 2"]
[Site "Oberliga NRW 2013/2014"]
[Date "2013.09.15"]
[Round "1.1"]
[White "Miedema, David"]
[Black "Kuijf, Marinus"]
[Result "1-0"]
[WhiteElo "2402"]
[BlackElo "2396"]
[PlyCount "69"]
[EventDate "2013.??.??"]
[WhiteTeam "SG Porz 2"]
[BlackTeam "SK Münster 1"]

1. d4 d5 2. c4 e6 3. Nc3 c6 4. Nf3 dxc4 5. a4 Bb4 6. Bd2 Nf6 7. e3 c5 8. dxc5
Bxc5 9. Bxc4 O-O 10. O-O Nc6 11. Qc2 Nb4 12. Qb1 b6 13. e4 Ng4 14. Bf4 Qe7 15.
Bg3 Bb7 16. h3 Nh6 17. Bf4 Kh8 18. b3 f5 19. Bg5 Qe8 20. Bxh6 gxh6 21. Nb5 Qe7
22. Qb2+ Rf6 23. Ne5 Bxe4 24. Kh1 a6 25. Rad1 axb5 26. Rd7 bxc4 27. Rxe7 Bxe7
28. Nd7 Nd3 29. Qc3 e5 30. Nxf6 Bxf6 31. f3 Bb7 32. Qxc4 Ba6 33. Qc6 Rf8 34.
Qxb6 Bc8 35. Qd6 1-0

[Event "SK Münster 1 - SG Porz 2"]
[Site "Oberliga NRW 2013/2014"]
[Date "2013.09.15"]
[Round "1.2"]
[White "Molinaroli, Martin"]
[Black "Kipper, Jens"]
[Result "0-1"]
[WhiteElo "2266"]
[BlackElo "2331"]
[PlyCount "94"]
[EventDate "2013.??.??"]
[WhiteTeam "SK Münster 1"]
[BlackTeam "SG Porz 2"]

1. e4 e6 2. b3 d5 3. Bb2 Nf6 4. e5 Nfd7 5. f4 c5 6. Nf3 Nc6 7. g3 Be7 8. Bh3 b5
9. O-O a5 10. f5 Nb6 11. fxe6 Bxe6 12. Bxe6 fxe6 13. Nc3 b4 14. Ne2 O-O 15. Nf4
Qd7 16. d3 Rf5 17. h4 d4 18. Qe2 Nd5 19. Bc1 Nc3 20. Qg2 Raf8 21. Re1 h6 22.
Qh3 Bd8 23. Bd2 Qf7 24. Qg4 Bc7 25. Bxc3 bxc3 26. Re4 Nxe5 27. Nxe5 Bxe5 28.
Rae1 Bxf4 29. Rxf4 Rxf4 30. Qxf4 Qxf4 31. gxf4 Rxf4 32. Re5 Rg4+ 33. Kf1 Rxh4
34. Rxc5 Rh1+ 35. Ke2 Rc1 36. Rxa5 Rxc2+ 37. Kf3 Rc1 38. Rc5 Re1 39. b4 Ra1 40.
Ke4 Rxa2 41. Kxd4 c2 42. Ke5 h5 43. b5 Rb2 44. Kxe6 h4 45. Rc8+ Kh7 46. Kf7 h3
47. Rc4 Kh6 0-1

[Event "SK Münster 1 - SG Porz 2"]
[Site "Oberliga NRW 2013/2014"]
[Date "2013.09.15"]
[Round "1.3"]
[White "Malykin, Vitaly"]
[Black "Emunds, Hans Georg"]
[Result "1-0"]
[WhiteElo "2321"]
[BlackElo "2203"]
[PlyCount "99"]
[EventDate "2013.??.??"]
[WhiteTeam "SG Porz 2"]
[BlackTeam "SK Münster 1"]

1. Nf3 Nf6 2. c4 b6 3. d4 e6 4. e3 Bb7 5. Bd3 d5 6. cxd5 exd5 7. O-O Be7 8. b4
O-O 9. Qb3 Nbd7 10. a4 a6 11. Ba3 Bd6 12. b5 axb5 13. axb5 Re8 14. Nc3 Qe7 15.
Bxd6 Qxd6 16. Ne2 c5 17. bxc6 Bxc6 18. Nc3 Ra5 19. Nb5 Bxb5 20. Bxb5 Rc8 21.
Qb2 Rxa1 22. Rxa1 Qc7 23. h3 g6 24. Rb1 Qc3 25. g4 Qxb2 26. Rxb2 h6 27. Bxd7
Nxd7 28. Rb5 Nf6 29. Rxb6 Ne4 30. Rb2 Kg7 31. Ne5 Rc7 32. f3 Nd6 33. Rb6 Nc8
34. Rc6 Rxc6 35. Nxc6 Kf6 36. Kf2 Ke6 37. Ne5 g5 38. e4 Nd6 39. Ke3 f6 40. Nc6
Nc4+ 41. Kd3 Nb2+ 42. Ke2 Na4 43. Nb4 dxe4 44. fxe4 Nc3+ 45. Kf3 Nb1 46. Nd5
Nd2+ 47. Ke3 Nc4+ 48. Kd3 Nb2+ 49. Ke2 Kf7 50. Nb6 1-0

[Event "SK Münster 1 - SG Porz 2"]
[Site "Oberliga NRW 2013/2014"]
[Date "2013.09.15"]
[Round "1.4"]
[White "Wolter, Kai"]
[Black "Gallinnis, Norbert"]
[Result "1/2-1/2"]
[WhiteElo "2238"]
[BlackElo "2268"]
[PlyCount "51"]
[EventDate "2013.??.??"]
[WhiteTeam "SK Münster 1"]
[BlackTeam "SG Porz 2"]

1. e4 c5 2. Nf3 d6 3. d4 cxd4 4. Nxd4 Nf6 5. Nc3 e6 6. Be2 a6 7. f4 Qc7 8. O-O
b5 9. Bf3 Bb7 10. e5 dxe5 11. fxe5 Nfd7 12. Bxb7 Qxb7 13. Bf4 b4 14. Nce2 Be7
15. Ng3 Qd5 16. Kh1 Nc6 17. Ndf5 Bf8 18. Qxd5 exd5 19. Rad1 Ndxe5 20. Rxd5 f6
21. Bxe5 Nxe5 22. Nh5 Rg8 23. Nh6 Rh8 24. Nf5 Rg8 25. Nh6 Rh8 26. Nf5 1/2-1/2

[Event "SK Münster 1 - SG Porz 2"]
[Site "Oberliga NRW 2013/2014"]
[Date "2013.09.15"]
[Round "1.5"]
[White "Peschlow, Patrick"]
[Black "Bolwerk, Peter"]
[Result "1/2-1/2"]
[WhiteElo "2306"]
[BlackElo "2222"]
[PlyCount "43"]
[EventDate "2013.??.??"]
[WhiteTeam "SG Porz 2"]
[BlackTeam "SK Münster 1"]

1. e4 c5 2. Nc3 e6 3. Nf3 a6 4. g3 b5 5. Bg2 Bb7 6. d3 d6 7. O-O Nf6 8. Nh4 Qc7
9. f4 Nc6 10. f5 e5 11. Nd5 Nxd5 12. exd5 Ne7 13. c4 Ng8 14. Bd2 h6 15. Qe1 Be7
16. Nf3 a5 17. g4 Nf6 18. h3 Qb6 19. Qe2 Qa6 20. Rfe1 Nd7 21. Bc3 O-O-O 22. b3
1/2-1/2

[Event "SK Münster 1 - SG Porz 2"]
[Site "Oberliga NRW 2013/2014"]
[Date "2013.09.15"]
[Round "1.6"]
[White "Kamp, Christoph"]
[Black "Wagenknecht, Uwe"]
[Result "1/2-1/2"]
[WhiteElo "2156"]
[BlackElo "2165"]
[PlyCount "52"]
[EventDate "2013.??.??"]
[WhiteTeam "SK Münster 1"]
[BlackTeam "SG Porz 2"]

1. c4 Nf6 2. Nc3 g6 3. e4 d6 4. d4 Bg7 5. Be2 O-O 6. Nf3 e5 7. O-O Nc6 8. d5
Ne7 9. Ne1 Nd7 10. Nd3 f5 11. Bd2 Nf6 12. f3 c5 13. a3 a5 14. Rb1 Kh8 15. b4
axb4 16. axb4 b6 17. Qb3 Neg8 18. bxc5 bxc5 19. Ra1 Rxa1 20. Rxa1 Bh6 21. Qb2
Bxd2 22. Qxd2 f4 23. Nb5 Nh6 24. Qa5 Nf7 25. Qxd8 Rxd8 26. Ra7 Kg8 1/2-1/2

[Event "SK Münster 1 - SG Porz 2"]
[Site "Oberliga NRW 2013/2014"]
[Date "2013.09.15"]
[Round "1.7"]
[White "Xu, Xianliang"]
[Black "Chilla, Jan Eric"]
[Result "1/2-1/2"]
[WhiteElo "2030"]
[BlackElo "2129"]
[PlyCount "110"]
[EventDate "2013.??.??"]
[WhiteTeam "SG Porz 2"]
[BlackTeam "SK Münster 1"]

1. e4 c5 2. c3 Nf6 3. e5 Nd5 4. d4 cxd4 5. Nf3 Nc6 6. cxd4 d6 7. Bc4 Nb6 8. Bb3
dxe5 9. d5 Na5 10. Nc3 Nxb3 11. Qxb3 e6 12. Nxe5 exd5 13. Be3 Bd6 14. Qb5+ Kf8
15. Nf3 Bd7 16. Qd3 Be6 17. O-O Nc4 18. b3 Nxe3 19. Qxe3 Qf6 20. Rad1 Rd8 21.
Nb5 Bb8 22. Nxa7 g6 23. Nb5 Kg7 24. Qd4 Rhe8 25. Rfe1 h5 26. Rc1 Bf4 27. Rc2
Bg4 28. Rxe8 Rxe8 29. Qxf6+ Kxf6 30. Nbd4 g5 31. g3 Bd6 32. Kg2 Re4 33. Nb5 Bb8
34. Nc3 Bxf3+ 35. Kxf3 g4+ 36. Kg2 Rd4 37. Nb5 Rd3 38. Rc8 Be5 39. Rh8 Kg6 40.
Re8 Kf6 41. Rh8 Kg6 42. Re8 f6 43. Re7 b6 44. Rb7 Rd2 45. a4 Rb2 46. Rxb6 d4
47. Na3 Kf5 48. Nc4 Ra2 49. Rb7 Ke6 50. Rb6+ Kd5 51. Rb7 Kc6 52. Na5+ Kd6 53.
Nc4+ Kc6 54. Na5+ Kd6 55. Nc4+ Kc6 1/2-1/2

[Event "SK Münster 1 - SG Porz 2"]
[Site "Oberliga NRW 2013/2014"]
[Date "2013.09.15"]
[Round "1.8"]
[White "Rott, Georg"]
[Black "Pauly, Carlo"]
[Result "0-1"]
[WhiteElo "2147"]
[BlackElo "2058"]
[PlyCount "72"]
[EventDate "2013.??.??"]
[WhiteTeam "SK Münster 1"]
[BlackTeam "SG Porz 2"]

1. e4 c5 2. Nf3 d6 3. Bb5+ Nd7 4. O-O Ngf6 5. Re1 a6 6. Bxd7+ Nxd7 7. b3 e5 8.
c3 b5 9. Bb2 g5 10. d4 g4 11. Nfd2 Qg5 12. a4 bxa4 13. Rxa4 h5 14. Nf1 Bb7 15.
Nbd2 h4 16. Qe2 Nf6 17. Bc1 Qg6 18. dxe5 dxe5 19. Nc4 Rh5 20. Nb6 Rd8 21. Nd5
Nxd5 22. exd5 Rxd5 23. Rxg4 Qd3 24. Qb2 f5 25. Rg6 f4 26. Rg4 h3 27. Bxf4 hxg2
28. Ne3 Rd7 29. Bg3 Bh6 30. f4 exf4 31. Bxf4 Bxf4 32. Rxf4 Kd8 33. Qa1 c4 34.
bxc4 Qd6 35. Nd5 Bxd5 36. Qa5+ Rc7 0-1

[Event "SV Mülheim-Nord 2 - SV Erkenschwick 1"]
[Site "Oberliga NRW 2013/2014"]
[Date "2013.10.06"]
[Round "2.1"]
[White "Bitalzadeh, Ali"]
[Black "Hausrath, Daniel"]
[Result "0-1"]
[WhiteElo "2428"]
[BlackElo "2530"]
[PlyCount "84"]
[EventDate "2013.??.??"]
[WhiteTeam "SV Erkenschwick 1"]
[BlackTeam "SV Mülheim-Nord 2"]

1. d4 Nf6 2. c4 g6 3. Nc3 Bg7 4. e4 d6 5. Bg5 O-O 6. Qd2 c5 7. d5 b5 8. cxb5 a6
9. f3 Qa5 10. h4 axb5 11. Nxb5 Qxd2+ 12. Bxd2 Nh5 13. Kf2 Bxb2 14. Rb1 Be5 15.
Ne2 Rxa2 16. Bh6 Ng3 17. Bxf8 Nxh1+ 18. Kg1 Kxf8 19. f4 Rb2 20. Rxb2 Bxb2 21.
Kxh1 Ba6 22. Ng3 Bc1 23. f5 Bf4 24. Nc7 Bc8 25. Ne2 Be5 26. g4 gxf5 27. gxf5
Bd7 28. Kg2 Ba4 29. Nc1 Bb2 30. Nd3 Bf6 31. h5 Nd7 32. Nf2 Ne5 33. Nb5 Bh4 34.
Nc3 Bc2 35. Be2 Kg7 36. Bd1 Bxd1 37. Nfxd1 Kh6 38. Kh3 Kxh5 39. Ne2 Nd3 40. Kg2
Kg5 41. Kf3 Ne5+ 42. Ke3 Kg4 0-1

[Event "SV Mülheim-Nord 2 - SV Erkenschwick 1"]
[Site "Oberliga NRW 2013/2014"]
[Date "2013.10.06"]
[Round "2.2"]
[White "Zwirs, Nico"]
[Black "Willemze, Thomas"]
[Result "1-0"]
[WhiteElo "2277"]
[BlackElo "2408"]
[PlyCount "71"]
[EventDate "2013.??.??"]
[WhiteTeam "SV Mülheim-Nord 2"]
[BlackTeam "SV Erkenschwick 1"]

1. Nf3 Nf6 2. g3 b6 3. Bg2 Bb7 4. c4 c5 5. O-O g6 6. Nc3 Bg7 7. Re1 d6 8. e4
Nfd7 9. d4 cxd4 10. Nxd4 O-O 11. b3 Nc6 12. Nxc6 Bxc6 13. Bb2 a6 14. Qd2 b5 15.
cxb5 axb5 16. e5 Nxe5 17. Bxc6 Nxc6 18. Nxb5 Bxb2 19. Qxb2 Ne5 20. Qe2 Ra5 21.
Rec1 Qa8 22. Rc3 Rb8 23. Nc7 Qb7 24. a4 Rc8 25. Rac1 h5 26. f4 Ng4 27. h3 Qb6+
28. Kg2 Qb7+ 29. Qf3 d5 30. hxg4 hxg4 31. Qxg4 d4+ 32. Qf3 Qxf3+ 33. Rxf3 Ra7
34. Nb5 Rxc1 35. Nxa7 Rc2+ 36. Kf1 1-0

[Event "SV Mülheim-Nord 2 - SV Erkenschwick 1"]
[Site "Oberliga NRW 2013/2014"]
[Date "2013.10.06"]
[Round "2.3"]
[White "Erwich, Marc"]
[Black "Nabuurs, Joep"]
[Result "1-0"]
[WhiteElo "2364"]
[BlackElo "2222"]
[PlyCount "91"]
[EventDate "2013.??.??"]
[WhiteTeam "SV Erkenschwick 1"]
[BlackTeam "SV Mülheim-Nord 2"]

1. e4 e5 2. Nf3 Nc6 3. Bb5 a6 4. Ba4 Nf6 5. O-O Be7 6. Re1 b5 7. Bb3 d6 8. c3
O-O 9. h3 Bb7 10. d4 Re8 11. Nbd2 Bf8 12. d5 Nb8 13. Nf1 Nbd7 14. Ng3 g6 15.
Bg5 Nc5 16. Bc2 c6 17. b4 Ncd7 18. dxc6 Bxc6 19. Qd2 Nb6 20. Bb3 Ra7 21. Nh2
Bg7 22. Ng4 h5 23. Ne3 Rd7 24. Nd5 Bxd5 25. exd5 Qc8 26. Bxf6 Bxf6 27. a4 Bd8
28. axb5 axb5 29. Qd3 Nc4 30. Bxc4 bxc4 31. Qe2 f5 32. Nf1 Bf6 33. Nd2 Rc7 34.
Ra3 Qb7 35. Nxc4 Qxd5 36. Ne3 Qf7 37. Rd1 e4 38. Nd5 Rcc8 39. b5 Rc5 40. c4 Be5
41. b6 Rb8 42. Ra7 Rb7 43. Qa2 Rc8 44. c5 Rxc5 45. Rxb7 Qxb7 46. Ne7+ 1-0

[Event "SV Mülheim-Nord 2 - SV Erkenschwick 1"]
[Site "Oberliga NRW 2013/2014"]
[Date "2013.10.06"]
[Round "2.4"]
[White "Wittenberg, Andreas"]
[Black "Jens, Jelmer"]
[Result "1/2-1/2"]
[WhiteElo "2149"]
[BlackElo "2376"]
[PlyCount "43"]
[EventDate "2013.??.??"]
[WhiteTeam "SV Mülheim-Nord 2"]
[BlackTeam "SV Erkenschwick 1"]

1. d4 Nf6 2. Nf3 g6 3. g3 Bg7 4. Bg2 d5 5. O-O O-O 6. c4 dxc4 7. Na3 c3 8. bxc3
c5 9. Ne5 Nc6 10. Nxc6 bxc6 11. Bxc6 Bh3 12. Bg2 Bxg2 13. Kxg2 Ne4 14. dxc5 Qa5
15. Qc2 Nxc3 16. Bb2 Rfc8 17. Nb1 Rxc5 18. Nxc3 Bxc3 19. Bxc3 Rxc3 20. Qe4 Re8
21. a4 Qc5 22. Rfd1 1/2-1/2

[Event "SV Mülheim-Nord 2 - SV Erkenschwick 1"]
[Site "Oberliga NRW 2013/2014"]
[Date "2013.10.06"]
[Round "2.5"]
[White "Erwich, Frank"]
[Black "Smith, Thijmen"]
[Result "1/2-1/2"]
[WhiteElo "2290"]
[BlackElo "2210"]
[PlyCount "278"]
[EventDate "2013.??.??"]
[WhiteTeam "SV Erkenschwick 1"]
[BlackTeam "SV Mülheim-Nord 2"]

1. c4 Nf6 2. Nc3 d5 3. cxd5 Nxd5 4. g3 Nb6 5. Bg2 g6 6. Nf3 Bg7 7. O-O Nc6 8.
d3 O-O 9. Be3 e5 10. b4 Nd4 11. Nd2 c6 12. Rc1 a5 13. bxa5 Rxa5 14. Nb3 Ra8 15.
Qd2 Re8 16. Rb1 Na4 17. Nxa4 Rxa4 18. Rfc1 Ra7 19. Rb2 Bf8 20. Rc4 Be6 21. Bxd4
exd4 22. Rxd4 Qa8 23. Re4 Bg7 24. d4 Rd8 25. h4 Bd5 26. Re3 Bxb3 27. Rexb3 Rxd4
28. Qc2 Rd8 29. Rb1 Rxa2 30. Qe4 Re8 31. Qf4 Raxe2 32. Rxb7 Qa2 33. Bxc6 Re1+
34. Rxe1 Rxe1+ 35. Kg2 Be5 36. Qf3 Qc4 37. Bd5 Qf1+ 38. Kh2 Qg1+ 39. Kh3 Qf1+
40. Kh2 Qg1+ 41. Kh3 Qf1+ 42. Kg4 Qe2 43. Bxf7+ Kh8 44. Qxe2 Rxe2 45. f4 Bf6
46. h5 gxh5+ 47. Bxh5 Re7 48. Rb8+ Kg7 49. Kf5 Ra7 50. Be2 Ra5+ 51. Ke6 Ra7 52.
Bc4 h6 53. Bd5 Bd4 54. Kf5 Ba1 55. g4 Bd4 56. Rc8 Bb2 57. Rc6 Bd4 58. Rc8 Bb2
59. Ke4 Re7+ 60. Kf3 Ra7 61. Rg8+ Kh7 62. Rb8 Ba1 63. Rb6 Kg7 64. Ke4 Bc3 65.
Kf5 Bd4 66. Rb8 Bc3 67. Bc4 Bd4 68. Bd5 Bc3 69. g5 hxg5 70. Rg8+ Kh7 71. Rxg5
Bd2 72. Rg2 Bc1 73. Ke5 Ra4 74. f5 Bf4+ 75. Kf6 Ra6+ 76. Be6 Ra5 77. Rg7+ Kh6
78. Rg4 Be5+ 79. Ke7 Ra7+ 80. Bd7 Ra6 81. Re4 Bf6+ 82. Kf7 Kg5 83. Re2 Bd4 84.
Rg2+ Kf4 85. Rd2 Bc3 86. Rd3 Bb2 87. Be6 Ra7+ 88. Kg6 Rg7+ 89. Kh6 Ra7 90. Rb3
Ba1 91. Rb4+ Ke5 92. Kg6 Kd6 93. Bf7 Ke5 94. Rb5+ Kf4 95. Rb1 Ra6+ 96. Be6 Ke5
97. Re1+ Kf4 98. f6 Be5 99. Rf1+ Kg3 100. Kf5 Bd6 101. Rd1 Bc5 102. Rd8 Ra1
103. Bc4 Ra3 104. Rg8+ Kf2 105. Bd5 Ke3 106. f7 Ra1 107. Bg2 Ra2 108. Re8+ Kf2
109. Bd5 Rd2 110. Ke6 Re2+ 111. Kd7 Rd2 112. f8=Q+ Bxf8 113. Rxf8+ Ke3 114. Ke6
Rf2 115. Ra8 Rd2 116. Ke5 Rb2 117. Ra3+ Kd2 118. Kd4 Rb4+ 119. Bc4 Rb2 120. Rh3
Rc2 121. Rh1 Rb2 122. Ra1 Rc2 123. Rb1 Rc1 124. Rb2+ Rc2 125. Rb8 Rc1 126. Bd3
Rc7 127. Rb2+ Ke1 128. Ke3 Re7+ 129. Be4 Rd7 130. Rb1+ Rd1 131. Rb7 Rd8 132.
Rh7 Rf8 133. Rh2 Rf7 134. Re2+ Kd1 135. Rh2 Ke1 136. Ra2 Rd7 137. Ra1+ Rd1 138.
Ra2 Rd7 139. Rh2 Rf7 1/2-1/2

[Event "SV Mülheim-Nord 2 - SV Erkenschwick 1"]
[Site "Oberliga NRW 2013/2014"]
[Date "2013.10.06"]
[Round "2.6"]
[White "Nachbar, Benjamin"]
[Black "Homs, Guust"]
[Result "1/2-1/2"]
[WhiteElo "2151"]
[BlackElo "2174"]
[PlyCount "56"]
[EventDate "2013.??.??"]
[WhiteTeam "SV Mülheim-Nord 2"]
[BlackTeam "SV Erkenschwick 1"]

1. c4 e6 2. d4 d5 3. Nc3 Nf6 4. Bg5 Be7 5. e3 Nbd7 6. Nf3 O-O 7. Rc1 a6 8. cxd5
exd5 9. Bd3 b6 10. O-O Bb7 11. Qc2 g6 12. Bxf6 Nxf6 13. Ne5 c5 14. f4 cxd4 15.
exd4 Ne4 16. Kh1 f5 17. Bxe4 dxe4 18. Qb3+ Kg7 19. Ne2 Bd5 20. Nc6 Bxb3 21.
Nxd8 Bxa2 22. Nc6 Bd6 23. Kg1 Rfc8 24. Ne5 a5 25. Kf2 a4 26. Nc3 Bb3 27. Nb5
Bb4 28. Ke3 h6 1/2-1/2

[Event "SV Mülheim-Nord 2 - SV Erkenschwick 1"]
[Site "Oberliga NRW 2013/2014"]
[Date "2013.10.06"]
[Round "2.7"]
[White "Krings, Christoph"]
[Black "van Osch, Mees"]
[Result "1-0"]
[WhiteElo "2112"]
[BlackElo "2168"]
[PlyCount "57"]
[EventDate "2013.??.??"]
[WhiteTeam "SV Erkenschwick 1"]
[BlackTeam "SV Mülheim-Nord 2"]

1. d4 Nf6 2. Nf3 c5 3. d5 b5 4. c4 Bb7 5. Qc2 bxc4 6. e4 e6 7. Bg5 Qa5+ 8. Bd2
Qc7 9. Bxc4 exd5 10. exd5 Nxd5 11. O-O Be7 12. Re1 Nf6 13. Nc3 d5 14. Nb5 Qb6
15. Bf4 dxc4 16. Nc7+ Kf8 17. Qf5 Nc6 18. Nxa8 Bxa8 19. Rad1 Qb7 20. Bd6 Bxd6
21. Rxd6 h5 22. Qxc5 Kg8 23. Ng5 Qc7 24. Rxf6 gxf6 25. Re8+ Kg7 26. Rxh8 fxg5
27. Qf8+ Kf6 28. Qxa8 Qd7 29. Qxc6+ 1-0